| 000 | 00625nam a2200169 4500 | ||
|---|---|---|---|
| 001 | 110124 | ||
| 003 | ES-MaACL | ||
| 005 | 20230906184959.0 | ||
| 007 | t| | ||
| 008 | 061121s1972 sp r ||||1| spa d | ||
| 100 | 1 |
_aMola de Estebam Cerrada, Fernando. _981836 |
|
| 245 | 1 | 3 |
_aLa costa del Sherry _b: un nombre discutido y un propósito olvidado / _cFernando Mola de Estebam Cerrada; prólogo de Jaime A. Segarra. |
| 260 |
_aJerez de la Frontera (Cádiz) : _b[s. n.], _c1972 ( _fGráf. del Exportador) |
||
| 300 |
_a74 p., 5 lám. ; _c22 cm. |
||
| 700 | 1 |
_aSegarra, Jaime A. _9105119 |
|
| 852 |
_aES-MaACL _jC-47251 _bR.83442 |
||
| 999 |
_c110124 _d110124 |
||